Human rights and Criminal Justice

Human rights and criminal justice' provides a full and systematic analysis of the impact of UK human rights law on both the substantive criminal law and criminal procedure. It examines first the applicable human rights principles before moving on to consider their impact on specific areas, incl...

全面介绍

Saved in:
书目详细资料
主要作者: Emmerson, Ben Q.C
其他作者: Ashworth, Andrew (ed), Macdonald, Alison
格式: 图书
出版: London; Sweet & Maxwell Limited, c2007.
版:2nd ed.
主题:
标签: 添加标签
没有标签, 成为第一个标记此记录!

MARC

LEADER 00000nam a22000007a 4500
005 20260414143055.0
020 |a 9780421876101  |c TZS 231,000/= 
040 |a MMCL  |b eng.  |e AARCR 2nd rev. ed. 
082 |a 341.48 EMM 
100 |a Emmerson, Ben Q.C. 
245 |a Human rights and Criminal Justice  |c Ben Emmerson Q.C. 
250 |a 2nd ed. 
260 |a London;   |b Sweet & Maxwell Limited,  |c c2007. 
300 |a cxxxii, 905 p. :  |c 23 cm. 
504 |a Includes Appendix, Index 
520 |a Human rights and criminal justice' provides a full and systematic analysis of the impact of UK human rights law on both the substantive criminal law and criminal procedure. It examines first the applicable human rights principles before moving on to consider their impact on specific areas, including the investigation of crime, court procedure, evidence, standards of proof, sentencing, appeals and the rights of victims"--Provided by publisher 
546 |a eng. 
650 |a Human rights and criminal justice 
700 |a Ashworth, Andrew (ed) 
700 |a Macdonald, Alison 
942 |c BK 
999 |c 12608  |d 12608